Т. 2; Избранные педагогические и психологические сочинения

מידע ביבליוגרפי
Parent link:Избранные педагогические и психологические сочинения: в 2 т./ П. П. Блонский; Академия наук СССР ; под ред. А. В. Петровского. Т. 2.— , 1979
שפה:רוסית
יצא לאור: 1979
נושאים:
פורמט: ספר
KOHA link:https://koha.lib.tpu.ru/cgi-bin/koha/opac-detail.pl?biblionumber=378707

MARC

LEADER 00000nam2a2200000 4500
001 378707
005 20231102013027.0
035 |a (RuTPU)RU\TPU\retro\36168 
090 |a 378707 
100 |a 20230613d1979 m y0rusy50 ca 
101 0 |a rus 
102 |a RU 
105 |a y z 001zy 
200 0 |a Т. 2 
210 |d 1979 
215 |a 400 с. 
320 |a Библиогр.: с. 384-398 
320 |a Имен. указ.: с. 380-383 
320 |a Комментарии: с. 366-379 
461 1 |0 (RuTPU)RU\TPU\retro\36166  |t Избранные педагогические и психологические сочинения  |o в 2 т.  |f П. П. Блонский  |g Академия наук СССР ; под ред. А. В. Петровского  |v Т. 2  |d 1979  |s Педагогическая библиотека 
606 1 |a Педагогика общая  |2 stltpush  |3 (RuTPU)RU\TPU\subj\48422  |9 67292 
606 1 |a Педагогическая психология детская  |2 stltpush  |3 (RuTPU)RU\TPU\subj\48426  |9 67296 
610 1 |a психолого-педагогические исследования 
610 1 |a школьная педагогика 
610 1 |a школьники 
610 1 |a мышление 
610 1 |a психологический анализ 
610 1 |a обучение 
610 1 |a воспитание 
610 1 |a память 
610 1 |a запоминание 
610 1 |a дети 
686 |a Ч31  |v LBC/SL-A  |2 rubbk 
686 |a Ю98  |v LBC/SL-A  |2 rubbk 
801 1 |a RU  |b 63413507  |c 20230613 
801 2 |a RU  |b 63413507  |c 20230613  |g RCR 
942 |c BK